She Wants Revenge - Self Titled - Statistics

General Stats
  • This quiz has been taken 29 times
  • The average score is 8 of 14
Answer Stats
Song length Answer % Correct
5:16 Sister
100%
4:44 Tear You Apart
86%
3:37 Out Of Control
73%
5:12 These Things
73%
4:54 Monologue
64%
5:09 Red Flags and Long Nights
55%
4:21 Spend The Night
55%
3:17 Broken Promises For Broken Hearts
50%
2:27 Disconnect
50%
3:38 I Don't Want To Fall In Love
50%
5:17 She Loves Me, She Loves Me Not
45%
4:46 Someone Must Get Hurt
45%
4:21 Us
45%
7:48 Killing Time
41%
No matching quizzes found
Score Distribution
Percent of People with Each Score
Percentile by Number Answered
Your Score History
You have not taken this quiz